Hutchinson Trends in Science :Medicine and health science / (Record no. 8273)

MARC details
000 -LEADER
fixed length control field 01619cam a22004337a 4500
001 - CONTROL NUMBER
control field 12786136
003 - CONTROL NUMBER IDENTIFIER
control field OSt
005 - DATE AND TIME OF LATEST TRANSACTION
control field 20240320101925.0
008 - FIXED-LENGTH DATA ELEMENTS--GENERAL INFORMATION
fixed length control field 020523s2001 ilua bdr 001 0ceng
010 ## - LIBRARY OF CONGRESS CONTROL NUMBER
LC control number 2002282701
016 7# - NATIONAL BIBLIOGRAPHIC AGENCY CONTROL NUMBER
Record control number 101136918
Source DNLM
020 ## - INTERNATIONAL STANDARD BOOK NUMBER
International Standard Book Number 1579583601
035 ## - SYSTEM CONTROL NUMBER
System control number (OCoLC)ocm48843283
040 ## - CATALOGING SOURCE
Original cataloging agency NLM
Transcribing agency NLM
Modifying agency KSU
-- DLC
042 ## - AUTHENTICATION CODE
Authentication code lccopycat
050 00 - LIBRARY OF CONGRESS CALL NUMBER
Classification number R149
Item number .M366 2001
060 00 - NATIONAL LIBRARY OF MEDICINE CALL NUMBER
Classification number 2002 A-940
082 00 - DEWEY DECIMAL CLASSIFICATION NUMBER
Classification number WB 141HUT2001
Edition number 21
245 00 - TITLE STATEMENT
Title Hutchinson Trends in Science :Medicine and health science /
Statement of responsibility, etc. overview by Jon Turney.
260 ## - PUBLICATION, DISTRIBUTION, ETC. (IMPRINT)
Place of publication, distribution, etc. Chicago :
Name of publisher, distributor, etc. Fitzroy Dearborn Publishers,
Date of publication, distribution, etc. 2001.
300 ## - PHYSICAL DESCRIPTION
Extent viii, 275 p. :
Other physical details ill. ;
Dimensions 24 cm.
440 #0 - SERIES STATEMENT/ADDED ENTRY--TITLE
Title Hutchinson trends in science
9 (RLIN) 16915
504 ## - BIBLIOGRAPHY, ETC. NOTE
Bibliography, etc Includes bibliographical references (p. 119-130) and index.
650 #0 - SUBJECT ADDED ENTRY--TOPICAL TERM
Topical term or geographic name as entry element Medicine
General subdivision History
Chronological subdivision 20th century.
9 (RLIN) 16916
650 #0 - SUBJECT ADDED ENTRY--TOPICAL TERM
Topical term or geographic name as entry element Medicine
General subdivision Research personnel
Form subdivision Biography.
9 (RLIN) 16917
650 #0 - SUBJECT ADDED ENTRY--TOPICAL TERM
Topical term or geographic name as entry element Medicine
Form subdivision Directories.
9 (RLIN) 16918
650 #0 - SUBJECT ADDED ENTRY--TOPICAL TERM
Topical term or geographic name as entry element Medicine
Form subdivision Dictionaries.
9 (RLIN) 16919
650 12 - SUBJECT ADDED ENTRY--TOPICAL TERM
Topical term or geographic name as entry element Health Personnel
Form subdivision Biography.
9 (RLIN) 16920
650 22 - SUBJECT ADDED ENTRY--TOPICAL TERM
Topical term or geographic name as entry element History of Medicine, 20th Cent.
Form subdivision Biography.
9 (RLIN) 16921
650 22 - SUBJECT ADDED ENTRY--TOPICAL TERM
Topical term or geographic name as entry element Research
Form subdivision Biography.
9 (RLIN) 16922
650 #0 - SUBJECT ADDED ENTRY--TOPICAL TERM
Topical term or geographic name as entry element Medicine
General subdivision History
Chronological subdivision 20th century.
9 (RLIN) 16916
650 #0 - SUBJECT ADDED ENTRY--TOPICAL TERM
Topical term or geographic name as entry element Medicine
Form subdivision Biography.
9 (RLIN) 16923
650 #0 - SUBJECT ADDED ENTRY--TOPICAL TERM
Topical term or geographic name as entry element Medical sciences.
9 (RLIN) 3347
700 1# - ADDED ENTRY--PERSONAL NAME
Personal name Turney, Jon.
9 (RLIN) 16924
856 42 - ELECTRONIC LOCATION AND ACCESS
Materials specified Publisher description
Uniform Resource Identifier http://www.loc.gov/catdir/enhancements/fy0653/2002282701-d.html
906 ## - LOCAL DATA ELEMENT F, LDF (RLIN)
a 7
b cbc
c copycat
d 2
e ncip
f 20
g y-gencatlg
942 ## - ADDED ENTRY ELEMENTS (KOHA)
Source of classification or shelving scheme Other/Generic Classification Scheme
Koha item type Open Shelf
Holdings
Withdrawn status Lost status Source of classification or shelving scheme Damaged status Not for loan Home library Current library Date acquired Source of acquisition Inventory number Total Checkouts Full call number Barcode Date last seen Price effective from Koha item type
    Other/Generic Classification Scheme     MUST Main Library MUST Main Library 20/03/2024 Donation 03/20605   WB 141HUT2001 2024-0084 20/03/2024 20/03/2024 Open Shelf